Universal Principles of Color: 100 Key Concepts for Understanding, Analyzing, and Working with Color (Record no. 13253)

000 -LEADER
fixed length control field 00352 a2200109 4500
008 - FIXED-LENGTH DATA ELEMENTS--GENERAL INFORMATION
fixed length control field 250417b ||||| |||| 00| 0 eng d
020 ## - INTERNATIONAL STANDARD BOOK NUMBER
International Standard Book Number 9781631599255
100 ## - MAIN ENTRY--PERSONAL NAME
Personal name Stephen Westland
245 ## - TITLE STATEMENT
Title Universal Principles of Color: 100 Key Concepts for Understanding, Analyzing, and Working with Color
260 ## - PUBLICATION, DISTRIBUTION, ETC. (IMPRINT)
Name of publisher, distributor, etc Rockport Publishers
Date of publication, distribution, etc 2023
942 ## - ADDED ENTRY ELEMENTS (KOHA)
Source of classification or shelving scheme
Holdings
Withdrawn status Lost status Source of classification or shelving scheme Damaged status Koha normalized classification for sorting Not for loan Permanent location Current location Date acquired Source of acquisition Cost, normal purchase price Full call number Barcode Date last seen Cost, replacement price Price effective from Koha item type
        701_850000000000000   BMS College of Architecture, Design and Planning BMS College of Architecture, Design and Planning 2025-04-25 1 2619.00 701.85 AR-UG4706 2025-04-25 3492.00 2025-04-25 B.Design
Copyright © 2025, The Librarian, Library and Information Centre, BMSCA D&P, Bengaluru. All Rights Reserved
web counter

Powered by Koha